| 000 | 02175nam0a2200397 i 4500 | ||
|---|---|---|---|
| 001 | RU\NLR\bibl\1995122 | ||
| 005 | 20260503062456.0 | ||
| 010 |
_a9785431201431 _980 |
||
| 021 |
_aRU _b2013-2114 _9139 |
||
| 035 | _a(nilc)RuMoRGB-006521167 | ||
| 035 | _a(NLR Aleph) 001983556 | ||
| 090 |
_a4124615 _c4124615 |
||
| 100 | _a20130201d2012 u y0rusy50 ca | ||
| 101 | 0 | _arus | |
| 102 | _aRU | ||
| 105 | _aa ||||||||| | ||
| 200 | 1 |
_aЭкономика _eкурс лекций для студентов бакалавриата неэкономических направлений подготовки _f[к.э.н., проф. А.С. Баскин, д.э.н., проф. О.И. Боткин, к.э.н., доц. Т.И. Головастова и др.] _gМ-во образования и науки Рос. Федерации, ФГБОУ ВПО "Удмурт. гос. ун-т", Ин-т экономики и упр., Каф. экон. теории |
|
| 210 |
_aИжевск _cУдмуртский государственный университет _d2012 |
||
| 215 |
_a191, [1] с. _cил. _d28 |
||
| 300 | _aАвт. указаны на обороте тит. л. | ||
| 320 | _aБиблиогр. в конце кн. (15 назв.) | ||
| 606 | 1 |
_aЭкономика _jУчебные издания для высших учебных заведений _xТеория _91565397 _3RU\NLR\auth\66985247 |
|
| 686 | _aУ010я73 | ||
| 701 | 1 |
_aБаскин _bА. С. _gАркадий Соломонович _4070 |
|
| 701 | 1 |
_aБоткин _bО. И. _gОлег Иванович _4070 |
|
| 701 | 1 |
_aГоловастова _bТ. И. _4070 |
|
| 712 | 0 | 2 |
_4570 _aУдмуртский государственный университет _cИжевск _bИнститут экономики и управления _bКафедра экономической теории _3RU\NLR\AUTH\8810240586 _9367033 |
| 801 | 0 |
_aRU _bRuMoRKP _c20130201 _gRCR |
|
| 801 | 2 |
_aRU _bРГБ _c20130213 _grcr |
|
| 801 | 1 |
_aRU _bRuMoRKP _c20130201 _2rusmarc |
|
| 801 | 2 |
_aRU _bNLR _c20130204 _grcr |
|
| 830 | _a3-го авт. в кат. нет | ||
| 942 | _cBOOK | ||
| 980 | _aNBR | ||